00582nam a2200193 i 4500001000300000100001800003245010500021260003100126300003400157500001700191504003600208040000800244041000800252080001400260942000700274008004100281999001700322952004900339bg1 aGribowv E. B. 0aNelinejnye jawlenija w priem-peredajuscem trakte apparatury swjazi na tranzistorach /cE. B. Gribow. aMoskwa :b"Svjaz'",c1971. as. 246, nlb. 1 :brys., tabl. a[Alf. ros.]. a[Zawiera bibliogr. s. 244-245]. cBPK apol a621.396.6 cKS s pl f |000 0 pol  c15230d15230 00104070aBPKbBPKcwo15774p01731279yKS